[Event "World Blitz Championship"]
[Site "Riyadh KSA"]
[Date "2017.12.29"]
[EventDate "2017.12.29"]
[Round "4.11"]
[Result "0-1"]
[White "Kamil Miton"]
[Black "Wang Hao"]
[WhiteElo "2584"]
[BlackElo "2709"]
[PlyCount "142"]

1. e4 e5 2. Nf3 Nc6 3. Bc4 Nf6 4. d3 Be7 5. O-O O-O 6. a4 d6
7. h3 Be6 8. Re1 Qd7 9. Nc3 h6 10. Be3 a6 11. Bxe6 fxe6 12. d4
exd4 13. Nxd4 Nxd4 14. Qxd4 Nh5 15. e5 d5 16. Qg4 Rf5 17. Bxh6
Bc5 18. Be3 Bxe3 19. Rxe3 Raf8 20. Rd1 Qf7 21. Ne2 Rxf2
22. Kh2 c5 23. c3 Nf4 24. Nxf4 Rxf4 25. Qg3 Qf5 26. Rd2 Rxa4
27. Rf3 Rf4 28. Rdf2 Rxf3 29. Rxf3 Qh5 30. Rxf8+ Kxf8 31. Qf2+
Kg8 32. Qxc5 Qxe5+ 33. Kg1 Kh7 34. Qe7 b5 35. Qh4+ Kg6
36. Qg4+ Kf7 37. Qf3+ Qf6 38. Qe3 e5 39. Qc5 Qe6 40. b4 Kg6
41. Kf2 Qf5+ 42. Kg1 Qe6 43. Kf2 Kh7 44. Kg1 Qd7 45. Qe3 Qd6
46. Qd3+ Kg8 47. Kf2 d4 48. cxd4 exd4 49. Qe4 Kf8 50. Qf5+ Ke7
51. Qg5+ Kf7 52. Qf5+ Ke8 53. Qe4+ Kf8 54. Qf5+ Kg8 55. Qc8+
Kh7 56. Qc5 Qf6+ 57. Ke2 Qe6+ 58. Kd3 Qe3+ 59. Kc2 Qe2+
60. Kc1 Qf1+ 61. Kd2 Qxg2+ 62. Kd3 Qxh3+ 63. Kxd4 Qe6 64. Qh5+
Kg8 65. Kc5 g6 66. Qh6 Qc4+ 67. Kd6 Qxb4+ 68. Ke6 Qe4+ 69. Kf6
Qf5+ 70. Ke7 Qf7+ 71. Kd6 Qf8+ 0-1

[Event "World Blitz Championship"]
[Site "Riyadh KSA"]
[Date "2017.12.29"]
[EventDate "2017.12.29"]
[Round "5.5"]
[Result "1/2-1/2"]
[White "Alexey Dreev"]
[Black "Wang Hao"]
[WhiteElo "2653"]
[BlackElo "2709"]
[PlyCount "59"]

1. d4 d5 2. c4 e6 3. Nc3 Nf6 4. cxd5 Nxd5 5. e4 Nxc3 6. bxc3
c5 7. Nf3 cxd4 8. cxd4 Bb4+ 9. Bd2 Bxd2+ 10. Qxd2 O-O 11. Rc1
b6 12. Bd3 Bb7 13. O-O Nd7 14. h3 h6 15. Qf4 Nf6 16. Rfe1 Rc8
17. Rxc8 Qxc8 18. Rc1 Qb8 19. Qxb8 Rxb8 20. Rc7 Bxe4 21. Bxe4
Nxe4 22. Ne5 f6 23. Nc6 Ra8 24. Nxa7 Kh7 25. a4 Nd6 26. Nb5
Nf5 27. Rc4 Ne7 28. g3 Nd5 29. Kg2 Kg6 30. Kf3 1/2-1/2

[Event "World Blitz Championship"]
[Site "Riyadh KSA"]
[Date "2017.12.29"]
[EventDate "2017.12.29"]
[Round "6.6"]
[Result "1/2-1/2"]
[White "Wang Hao"]
[Black "Andrey Esipenko"]
[WhiteElo "2709"]
[BlackElo "2564"]
[PlyCount "63"]

1. e4 c6 2. Nf3 d5 3. Nc3 Bg4 4. h3 Bxf3 5. Qxf3 Nf6 6. g3
dxe4 7. Nxe4 Nxe4 8. Qxe4 e6 9. Bg2 Nd7 10. O-O Be7 11. d4 O-O
12. Rd1 Nf6 13. Qe2 Qb6 14. c4 Rfd8 15. Be3 Qa6 16. b3 Qa3
17. Rd3 Rd7 18. Rad1 Rad8 19. g4 Qa5 20. a4 Bb4 21. Qf3 e5
22. Qf5 exd4 23. Qxa5 Bxa5 24. Rxd4 Rxd4 25. Rxd4 Rxd4
26. Bxd4 a6 27. Kf1 Nd7 28. Ke2 Bb4 29. Kd3 a5 30. g5 Nc5+
31. Bxc5 Bxc5 32. f4 1/2-1/2

[Event "World Blitz Championship"]
[Site "Riyadh KSA"]
[Date "2017.12.29"]
[EventDate "2017.12.29"]
[Round "7.1"]
[Result "1/2-1/2"]
[White "Magnus Carlsen"]
[Black "Wang Hao"]
[WhiteElo "2837"]
[BlackElo "2709"]
[PlyCount "128"]

1. d4 Nf6 2. Bf4 e6 3. e3 c5 4. c3 Nc6 5. Nd2 d5 6. Ngf3 Bd6
7. Bg3 O-O 8. Bb5 Be7 9. Bd3 b6 10. O-O Bb7 11. h3 Bd6 12. Bh4
Be7 13. Qb1 h6 14. a3 Nh5 15. Bxe7 Qxe7 16. Ne5 cxd4 17. Nxc6
Bxc6 18. cxd4 Nf6 19. Nf3 Rfc8 20. Qd1 Bb7 21. Qe2 Rc7
22. Rac1 Rac8 23. Rxc7 Qxc7 24. Nd2 Ne4 25. Nb1 Nd6 26. Nc3
Qe7 27. Rc1 g6 28. f3 e5 29. dxe5 Qxe5 30. Re1 Re8 31. Nd1 Bc8
32. Qd2 Bf5 33. Bf1 h5 34. Nf2 Nc4 35. Bxc4 dxc4 36. e4 Be6
37. f4 Qc5 38. f5 Bc8 39. Qh6 Bxf5 40. Qf4 Be6 41. Qf6 Qe7
42. Qxe7 Rxe7 43. Nd1 Rd7 44. Nc3 Rd2 45. Re2 Rxe2 46. Nxe2
Kg7 47. Kf2 Kf6 48. Ke3 Ke5 49. Ng1 b5 50. Nf3+ Kd6 51. Kd4 a5
52. h4 b4 53. axb4 axb4 54. Nd2 c3 55. bxc3 bxc3 56. Kxc3 Ke5
57. g3 f5 58. Nf3+ Kxe4 59. Ng5+ Ke5 60. Kd3 Bd5 61. Ke3 f4+
62. Kf2 Kf5 63. Nh3 fxg3+ 64. Kxg3 Bb7 1/2-1/2

[Event "World Blitz Championship"]
[Site "Riyadh KSA"]
[Date "2017.12.29"]
[EventDate "2017.12.29"]
[Round "9.8"]
[Result "1/2-1/2"]
[White "Ivan Cheparinov"]
[Black "Wang Hao"]
[WhiteElo "2710"]
[BlackElo "2709"]
[PlyCount "138"]

1. d4 Nf6 2. Nf3 e6 3. c4 d5 4. g3 dxc4 5. Bg2 Bb4+ 6. Bd2 a5
7. Qc2 Bxd2+ 8. Qxd2 c6 9. a4 Ne4 10. Qf4 Qb6 11. O-O Qxb2
12. Na3 Nc3 13. Kh1 O-O 14. Nxc4 Qxe2 15. Nb6 Nd5 16. Nxd5
cxd5 17. Rfe1 Qxf2 18. Rf1 Qc2 19. Rac1 Qe4 20. Qd2 Nc6
21. Rxc6 bxc6 22. Ne5 Qf5 23. Rxf5 exf5 24. Nxc6 Be6 25. Ne7+
Kh8 26. Nxd5 Rab8 27. Nc3 Rb4 28. d5 Bd7 29. d6 Rc8 30. h4 Rb3
31. Nd5 h6 32. Qxa5 Kh7 33. Nb6 Rc1+ 34. Kh2 Be6 35. d7 Rd3
36. Qb5 Rd2 37. Nd5 Rcc2 38. Ne3 Bxd7 39. Qe5 Ra2 40. Qf4 Rf2
41. Qc4 Be6 42. Qd4 Rfd2 43. Qf4 Rf2 44. Qd4 Rfd2 45. Qf4 Rf2
46. Qe5 Rxa4 47. Kg1 Rfa2 48. Nxf5 Bxf5 49. Qxf5+ Kg8 50. Qc8+
Kh7 51. Qf5+ Kg8 52. Bd5 Ra1+ 53. Kg2 Ra7 54. h5 Re1 55. Qc8+
Kh7 56. Qc2+ Kg8 57. Qc8+ Kh7 58. Qc5 Rae7 59. Qc8 R1e5
60. Bf3 R7e6 61. Qc2+ Kg8 62. Qc8+ Re8 63. Qc3 Re3 64. Qd4
Rxf3 65. Kxf3 Re6 66. g4 g5 67. Qd8+ Kg7 68. Qd4+ Kg8 69. Qd5
Kg7 1/2-1/2

[Event "World Blitz Championship"]
[Site "Riyadh KSA"]
[Date "2017.12.29"]
[EventDate "2017.12.29"]
[Round "10.11"]
[Result "1-0"]
[White "Wang Hao"]
[Black "Johan-Sebastian Christiansen"]
[WhiteElo "2709"]
[BlackElo "2495"]
[PlyCount "103"]

1. e4 e6 2. d4 d5 3. Nc3 Nf6 4. e5 Nfd7 5. f4 c5 6. Nf3 Nc6
7. Be3 Be7 8. Qd2 O-O 9. h4 a6 10. h5 b5 11. h6 g6 12. Ne2
cxd4 13. Nexd4 Bb7 14. Nxc6 Bxc6 15. Nd4 Rc8 16. Bd3 Nc5
17. O-O-O b4 18. Kb1 a5 19. g4 Qc7 20. Rhe1 a4 21. f5 Nxd3
22. cxd3 b3 23. Rc1 bxa2+ 24. Ka1 Qd7 25. Bg5 Bb7 26. Bxe7
Qxe7 27. Nb5 Rxc1+ 28. Rxc1 exf5 29. Rc7 Qxe5 30. Rxb7 fxg4
31. d4 Qf5 32. Nc3 g3 33. Re7 Qf1+ 34. Re1 g2 35. Qe3 a3
36. bxa3 Rb8 37. Kxa2 Qc4+ 38. Ka1 g1=Q 39. Rxg1 Qb3 40. Qd2
Qxa3+ 41. Na2 Rc8 42. Re1 Qh3 43. Qg5 Ra8 44. Qe3 Qd7 45. Qe5
Rxa2+ 46. Kxa2 Qa4+ 47. Kb2 Qb4+ 48. Kc2 Qc4+ 49. Kd2 Qa2+
50. Ke3 Qb3+ 51. Kf2 Qc2+ 52. Re2 1-0

[Event "World Blitz Championship"]
[Site "Riyadh KSA"]
[Date "2017.12.29"]
[EventDate "2017.12.29"]
[Round "11.7"]
[Result "0-1"]
[White "Tigran Levonovich Petrosian"]
[Black "Wang Hao"]
[WhiteElo "2601"]
[BlackElo "2709"]
[PlyCount "82"]

1. Nf3 d5 2. g3 g6 3. Bg2 Bg7 4. O-O Nf6 5. d3 O-O 6. Nbd2 c5
7. e4 Nc6 8. c3 Bg4 9. Qc2 Qd7 10. Re1 dxe4 11. dxe4 Rfd8
12. Nc4 Bxf3 13. Bxf3 b5 14. e5 bxc4 15. exf6 Bxf6 16. Bf4
Rac8 17. Rad1 Qe8 18. Rxd8 Qxd8 19. Qa4 Qb6 20. Re2 g5
21. Bxc6 Qxc6 22. Qxc6 Rxc6 23. Be3 Kf8 24. Rd2 Rd6 25. Re2
Rd5 26. Kf1 e6 27. Ke1 Ke7 28. Bc1 Kd6 29. Be3 h5 30. Rc2 a5
31. a4 Rd3 32. Ke2 Kd5 33. Rc1 Be7 34. f3 f5 35. Bf2 Bf6
36. h3 e5 37. Be3 g4 38. hxg4 hxg4 39. Rf1 gxf3+ 40. Rxf3 Ke4
41. b3 cxb3 0-1

[Event "World Blitz Championship"]
[Site "Riyadh KSA"]
[Date "2017.12.30"]
[EventDate "2017.12.29"]
[Round "12.2"]
[Result "1/2-1/2"]
[White "Wang Hao"]
[Black "Sergey Karjakin"]
[WhiteElo "2709"]
[BlackElo "2760"]
[PlyCount "54"]

1. e4 e5 2. Nf3 Nc6 3. Bb5 Nf6 4. O-O Nxe4 5. Re1 Nd6 6. Nxe5
Be7 7. Bf1 Nxe5 8. Rxe5 O-O 9. Nc3 Ne8 10. Nd5 Bd6 11. Re1 c6
12. Ne3 Bc7 13. Nf5 d5 14. Ne7+ Kh8 15. Nxc8 Rxc8 16. d4 f5
17. Qh5 Nf6 18. Qh4 Qd7 19. f3 Rce8 20. Bf4 Bxf4 21. Qxf4 Nh5
22. Qh4 g6 23. Bd3 Ng7 24. c3 Kg8 25. Qg3 Nh5 26. Qh4 Ng7
27. Qg3 Nh5 1/2-1/2

[Event "World Blitz Championship"]
[Site "Riyadh KSA"]
[Date "2017.12.30"]
[EventDate "2017.12.29"]
[Round "13.4"]
[Result "1-0"]
[White "Ian Nepomniachtchi"]
[Black "Wang Hao"]
[WhiteElo "2729"]
[BlackElo "2709"]
[PlyCount "69"]

1. e4 e6 2. d4 d5 3. Nc3 Bb4 4. e5 c5 5. a3 Ba5 6. b4 cxd4
7. Nb5 Bc7 8. f4 Bd7 9. Nxc7+ Qxc7 10. Nf3 Ne7 11. Bd3 Ba4
12. O-O Nbc6 13. Bb2 a6 14. Qd2 Qb6 15. Qf2 Bb5 16. Bxd4 Nxd4
17. Nxd4 Bxd3 18. cxd3 Rc8 19. Rac1 O-O 20. g3 Nc6 21. Nxc6
Qxf2+ 22. Kxf2 Rxc6 23. Rxc6 bxc6 24. Ke3 Rc8 25. Kd4 Kf8
26. Kc5 Ke7 27. Kb6 Kd7 28. Rc1 Rb8+ 29. Ka7 Rc8 30. Kb7 f6
31. a4 h5 32. h4 f5 33. a5 Rc7+ 34. Kxa6 Kc8 35. b5 1-0

[Event "World Blitz Championship"]
[Site "Riyadh KSA"]
[Date "2017.12.30"]
[EventDate "2017.12.29"]
[Round "14.10"]
[Result "1-0"]
[White "Wang Hao"]
[Black "Martyn Kravtsiv"]
[WhiteElo "2709"]
[BlackElo "2672"]
[PlyCount "135"]

1. e4 e5 2. Nf3 Nc6 3. Bb5 a6 4. Ba4 Nf6 5. O-O Be7 6. Re1 b5
7. Bb3 O-O 8. a4 b4 9. d4 d6 10. dxe5 Nxe5 11. Nbd2 Nxf3+
12. Nxf3 Bb7 13. Qd3 Nd7 14. Bd5 Nc5 15. Qd1 Bf6 16. Bxb7 Nxb7
17. Qd5 Qc8 18. a5 Rb8 19. Qc4 Nd8 20. Bd2 Rb5 21. Bxb4 Qe6
22. Qxe6 Nxe6 23. c3 c5 24. Ba3 Rxa5 25. Nd2 Rd8 26. Nc4 Ra4
27. Nb6 Ra5 28. Nd5 Rb5 29. Rad1 Kf8 30. f4 Rd7 31. g3 Ke8
32. Kg2 Bd8 33. Ne3 Be7 34. Nc4 Nc7 35. e5 dxe5 36. Rxd7 Kxd7
37. Nxe5+ Kc8 38. Nc6 Bd6 39. Na7+ Kd7 40. Nxb5 axb5 41. Rd1
Kc6 42. Kf3 Nd5 43. Rc1 Be7 44. c4 Nb6 45. b3 bxc4 46. bxc4
Bf6 47. Ke4 Bd4 48. Kd3 Nd7 49. Re1 Kd6 50. Bc1 Nb8 51. Bd2
Nc6 52. Re8 h5 53. h3 g6 54. g4 hxg4 55. hxg4 Kd7 56. Re1 Kd6
57. Rb1 Nd8 58. Ke4 Ne6 59. f5 gxf5+ 60. gxf5 Nd8 61. Bf4+ Kc6
62. Rb8 Nb7 63. Rc8+ Kb6 64. Kd5 f6 65. Bc7+ Ka7 66. Re8 Bc3
67. Kc6 Bd2 68. Bb6+ 1-0

[Event "World Blitz Championship"]
[Site "Riyadh KSA"]
[Date "2017.12.30"]
[EventDate "2017.12.29"]
[Round "15.3"]
[Result "1/2-1/2"]
[White "Maxime Vachier-Lagrave"]
[Black "Wang Hao"]
[WhiteElo "2789"]
[BlackElo "2709"]
[PlyCount "56"]

1. e4 e5 2. Nf3 Nc6 3. Bb5 Nf6 4. O-O Nxe4 5. Re1 Nd6 6. Nxe5
Be7 7. Bf1 Nxe5 8. Rxe5 O-O 9. d4 Bf6 10. Re2 Nf5 11. d5 d6
12. Nd2 Bg5 13. c3 Bd7 14. Ne4 Bxc1 15. Rxc1 Nh4 16. Qd2 Ng6
17. Rce1 Bb5 18. Re3 Bxf1 19. Rxf1 Qd7 20. Ng3 Rae8 21. b3 b6
22. Rfe1 Re5 23. Rxe5 dxe5 24. c4 f5 25. b4 Qd6 26. Rc1 Nf4
27. Ne2 Nxe2+ 28. Qxe2 e4 1/2-1/2

[Event "World Blitz Championship"]
[Site "Riyadh KSA"]
[Date "2017.12.30"]
[EventDate "2017.12.29"]
[Round "16.6"]
[Result "1/2-1/2"]
[White "Wang Hao"]
[Black "Alexander Grischuk"]
[WhiteElo "2709"]
[BlackElo "2772"]
[PlyCount "75"]

1. e4 e5 2. Nf3 Nc6 3. Bb5 Nf6 4. O-O Nxe4 5. Re1 Nd6 6. Nxe5
Be7 7. Bf1 Nxe5 8. Rxe5 O-O 9. Nc3 Ne8 10. Nd5 Bd6 11. Re1 c6
12. Ne3 Be7 13. Qe2 Bg5 14. Nf5 d5 15. Ne7+ Kh8 16. Nxc8 Rxc8
17. d4 Bxc1 18. Raxc1 Nd6 19. Qg4 Qa5 20. a3 Rce8 21. c3 Qb6
22. Qf4 Qd8 23. Bd3 Kg8 24. h4 Rxe1+ 25. Rxe1 Re8 26. Re5 h6
27. h5 a5 28. g4 Kf8 29. Kg2 a4 30. g5 hxg5 31. Rxg5 Re6
32. Re5 Qf6 33. Qe3 b5 34. Qg3 Re7 35. Qe3 Re6 36. Qg3 Re7
37. Qe3 Re6 38. Qg3 1/2-1/2

[Event "World Blitz Championship"]
[Site "Riyadh KSA"]
[Date "2017.12.30"]
[EventDate "2017.12.29"]
[Round "17.6"]
[Result "1/2-1/2"]
[White "Anton Korobov"]
[Black "Wang Hao"]
[WhiteElo "2652"]
[BlackElo "2709"]
[PlyCount "66"]

1. d4 Nf6 2. c4 e6 3. Nf3 d5 4. Nc3 Nbd7 5. Bf4 dxc4 6. e3 Nd5
7. Bxc4 Nxf4 8. exf4 Nb6 9. Bb3 g6 10. Qe2 Qe7 11. h4 h5
12. Ne5 Bg7 13. g3 Bd7 14. Rc1 O-O-O 15. O-O Bxe5 16. Qxe5
Rhe8 17. Ne4 Bc6 18. Rxc6 bxc6 19. Rc1 Qb4 20. Rxc6 Re7
21. Nc5 Qxd4 22. Qe2 Rd5 23. Qa6+ Kd8 24. Bxd5 Qxd5 25. Qb7
Ke8 26. Qb8+ Qd8 27. Qxa7 Kf8 28. Qb7 Qd1+ 29. Kg2 Qd5+
30. Kg1 Qd1+ 31. Kg2 Qd5+ 32. Kg1 Qd1+ 33. Kg2 Qd5+ 1/2-1/2

[Event "World Blitz Championship"]
[Site "Riyadh KSA"]
[Date "2017.12.30"]
[EventDate "2017.12.29"]
[Round "18.8"]
[Result "1-0"]
[White "Wang Hao"]
[Black "Boris Savchenko"]
[WhiteElo "2709"]
[BlackElo "2566"]
[PlyCount "121"]

1. e4 e6 2. d4 d5 3. Nc3 Bb4 4. a3 Bxc3+ 5. bxc3 dxe4 6. Qg4
Nf6 7. Qxg7 Rg8 8. Qh6 c5 9. Ne2 Bd7 10. Bg5 Rg6 11. Qh4 Bc6
12. Rd1 Nbd7 13. Nf4 Rxg5 14. Qxg5 Qa5 15. Ne2 O-O-O 16. dxc5
Nd5 17. Nd4 Nxc5 18. Nxc6 bxc6 19. Be2 e3 20. O-O Ne4 21. Qh5
Nxf2 22. Rd4 Nxc3 23. Rxd8+ Qxd8 24. Ba6+ Kd7 25. Qxf7+ Qe7
26. Qxe7+ Kxe7 27. Re1 Nfd1 28. Be2 Nb2 29. Bf1 Nbd1 30. Be2
Nb2 31. Bd3 Nbd1 32. Bxh7 Kf6 33. g3 Ke5 34. Kg2 Kd4 35. Kf3
e5 36. h4 Nf2 37. Rxe3 e4+ 38. Bxe4 Nfxe4 39. Re1 Nd2+ 40. Kg4
Nd5 41. h5 Nf6+ 42. Kg5 Nde4+ 43. Kg6 Nxg3 44. Kxf6 Nxh5+
45. Ke6 Nf4+ 46. Kd6 c5 47. Re7 Nd5 48. Rxa7 Ne3 49. c3+ Kc4
50. Kc6 Nd1 51. a4 Nxc3 52. a5 Kb4 53. a6 Ka5 54. Kb7 c4
55. Ra8 Nb5 56. Rh8 c3 57. Rh2 Kb4 58. Kb6 Kc4 59. Rh4+ Kd3
60. Kxb5 c2 61. Rc4 1-0

[Event "World Blitz Championship"]
[Site "Riyadh KSA"]
[Date "2017.12.30"]
[EventDate "2017.12.29"]
[Round "19.5"]
[Result "0-1"]
[White "Li Chao"]
[Black "Wang Hao"]
[WhiteElo "2732"]
[BlackElo "2709"]
[PlyCount "44"]

1. d4 Nf6 2. c4 e6 3. Nf3 d5 4. e3 b6 5. Nc3 Bd6 6. b3 O-O
7. Bb2 Bb7 8. Bd3 Nbd7 9. O-O Re8 10. a4 e5 11. dxe5 Nxe5
12. Nxe5 Bxe5 13. Rc1 d4 14. exd4 Qxd4 15. g3 Rad8 16. Bb1 Qd2
17. Qc2 Qh6 18. Rcd1 Bf3 19. Rxd8 Rxd8 20. Qf5 Ng4 21. h4 Qxh4
22. Qxh7+ Qxh7 0-1

[Event "World Blitz Championship"]
[Site "Riyadh KSA"]
[Date "2017.12.30"]
[EventDate "2017.12.29"]
[Round "20.3"]
[Result "1/2-1/2"]
[White "Wang Hao"]
[Black "Viswanathan Anand"]
[WhiteElo "2709"]
[BlackElo "2782"]
[PlyCount "53"]

1. e4 e5 2. Nf3 Nc6 3. Bb5 Nf6 4. O-O Nxe4 5. Re1 Nd6 6. Nxe5
Be7 7. Bf1 Nxe5 8. Rxe5 O-O 9. Nc3 Ne8 10. Nd5 Bd6 11. Re1 c6
12. Ne3 Be7 13. Qe2 Bg5 14. Nf5 d5 15. Ne7+ Kh8 16. Nxc8 Rxc8
17. d4 Bxc1 18. Raxc1 Nd6 19. Qg4 Qc7 20. Bd3 Rce8 21. Re5 g6
22. c3 f6 23. Ree1 Kg7 24. h4 f5 25. Qf4 Rxe1+ 26. Rxe1 Re8
27. Rxe8 1/2-1/2

[Event "World Blitz Championship"]
[Site "Riyadh KSA"]
[Date "2017.12.30"]
[EventDate "2017.12.29"]
[Round "21.3"]
[Result "1/2-1/2"]
[White "Yu Yangyi"]
[Black "Wang Hao"]
[WhiteElo "2751"]
[BlackElo "2709"]
[PlyCount "108"]

1. d4 Nf6 2. c4 e6 3. Nc3 Bb4 4. Nf3 b6 5. Bd2 Bb7 6. e3 O-O
7. Bd3 d5 8. cxd5 exd5 9. O-O Be7 10. Ne5 c5 11. f4 Nc6
12. Qf3 cxd4 13. Nxc6 Bxc6 14. exd4 Ne4 15. Be3 Re8 16. Rac1
Bf6 17. f5 Rc8 18. Kh1 Bb7 19. Bxe4 dxe4 20. Qf2 Ba6 21. Rg1
Bd3 22. g4 Rc4 23. b3 Rxd4 24. g5 Be5 25. f6 Rd6 26. fxg7 a6
27. Na4 Bd4 28. Nb2 b5 29. Nd1 Bxg7 30. Bf4 e3 31. Nxe3 Be4+
32. Ng2 Rd3 33. Rge1 Rf3 34. Qh4 Bb7 35. Bg3 Rxe1+ 36. Rxe1
Qd2 37. Re8+ Bf8 38. Kg1 Rc3 39. Ne1 Rc1 40. Qh3 Qd4+ 41. Bf2
Qd5 42. Kf1 Qc6 43. Rd8 Qh1+ 44. Ke2 Qe4+ 45. Kf1 Qe7 46. Rd7
Qe4 47. Rd8 Rb1 48. Qc3 Qh1+ 49. Ke2 Qe4+ 50. Kf1 Qh1+ 51. Ke2
Qe4+ 52. Kf1 Qh1+ 53. Ke2 Qe4+ 54. Kf1 Qh1+ 1/2-1/2

[Event "Tradewise Gibraltar"]
[Site "Catalan Bay GIB"]
[Date "2018.01.24"]
[EventDate "2018.01.23"]
[Round "2.7"]
[Result "1-0"]
[White "Antoaneta Stefanova"]
[Black "Wang Hao"]
[WhiteElo "2489"]
[BlackElo "2711"]
[PlyCount "123"]

1. d4 d5 2. Bf4 Nf6 3. e3 e6 4. Nd2 c5 5. c3 Nc6 6. Bg3 Be7
7. Bd3 c4 8. Bc2 b5 9. e4 Bb7 10. e5 Nd7 11. f4 g6 12. Ne2 Nb6
13. O-O a5 14. Nf3 b4 15. Qe1 b3 16. axb3 cxb3 17. Bxb3 Ba6
18. Nd2 O-O 19. Rf3 a4 20. Bd1 Bb5 21. Nc1 Na5 22. Bc2 Rc8
23. Bf2 Rb8 24. Rh3 Nbc4 25. Nxc4 Bxc4 26. Rb1 Nb3 27. Nd3 Ra8
28. Nb4 Qb6 29. Nd3 Rfb8 30. Bh4 Qd8 31. Bxe7 Qxe7 32. Nf2 h5
33. g4 hxg4 34. Nxg4 Kg7 35. Nf6 Rh8 36. Rg3 Rh6 37. f5 exf5
38. Bxf5 Ra6 39. Bc2 Rxf6 40. exf6+ Qxf6 41. Qe3 Bb5 42. Bd3
Qh4 43. Rg2 Bxd3 44. Qxd3 Qe4 45. Qf1 Na5 46. Re1 Qh4 47. Rf2
Qg4+ 48. Qg2 Qxg2+ 49. Kxg2 Nc4 50. Re7 Nd6 51. Ra7 Rh8
52. Ra5 Ne4 53. Rc2 Rd8 54. Rxa4 g5 55. Ra7 Kg6 56. b4 Nd6
57. Ra6 Kf5 58. Rf2+ Ke4 59. Rf6 Nb5 60. Rac6 Rd7 61. Kg3 Ra7
62. Rc5 1-0

[Event "Tradewise Gibraltar"]
[Site "Catalan Bay GIB"]
[Date "2018.01.25"]
[EventDate "2018.01.23"]
[Round "3.53"]
[Result "1-0"]
[White "Wang Hao"]
[Black "Vegar Koi Gandrud"]
[WhiteElo "2711"]
[BlackElo "2346"]
[PlyCount "85"]

1. e4 c5 2. Nc3 a6 3. Nf3 d6 4. d4 cxd4 5. Nxd4 Nf6 6. h3 e5
7. Nde2 h5 8. Nd5 Nxd5 9. Qxd5 Qc7 10. Nc3 Be6 11. Qd1 Nd7
12. Be2 g6 13. O-O Be7 14. Nd5 Bxd5 15. Qxd5 Nf6 16. Qd3 Qc6
17. Bf3 Rc8 18. c3 Qc4 19. Qb1 O-O 20. Bg5 Qe6 21. Bd1 Nh7
22. Bb3 Qd7 23. Bh6 Rfe8 24. f4 Bf8 25. f5 Kh8 26. Qc1 h4
27. fxg6 fxg6 28. Rf7 Qd8 29. Rxb7 g5 30. Qe3 Re7 31. Bxg5 Bh6
32. Bf6+ Nxf6 33. Qxh6+ Nh7 34. Rxe7 Qxe7 35. Rf1 Rf8
36. Rxf8+ Qxf8 37. Qxh4 Qb8 38. Qg3 Nf6 39. Qg6 Qa7+ 40. Kf1
Qe7 41. Bf7 Qd8 42. Qh6+ Nh7 43. Bg6 1-0

[Event "Tradewise Gibraltar"]
[Site "Catalan Bay GIB"]
[Date "2018.01.28"]
[EventDate "2018.01.23"]
[Round "6.7"]
[Result "0-1"]
[White "Sunilduth Lyna Narayanan"]
[Black "Wang Hao"]
[WhiteElo "2573"]
[BlackElo "2711"]
[PlyCount "113"]

1. d4 Nf6 2. c4 e6 3. Nf3 d5 4. Nc3 Nbd7 5. cxd5 exd5 6. Bf4
c6 7. e3 Nh5 8. Bg5 Be7 9. Bxe7 Qxe7 10. Qc2 Nb6 11. h3 g6
12. O-O-O Bf5 13. Qb3 Nf6 14. Ne5 Ne4 15. Nxe4 dxe4 16. Kb1
Be6 17. Qc2 Bd5 18. f3 exf3 19. e4 fxg2 20. Bxg2 Be6 21. h4
Qc7 22. h5 O-O-O 23. Qf2 Rhe8 24. Rc1 Kb8 25. Bh3 f5 26. hxg6
hxg6 27. Bg2 Qd6 28. Rcd1 Nd7 29. Nxg6 fxe4 30. Qf4 Qxf4
31. Nxf4 Bg4 32. Rde1 Nf6 33. Rh6 Nd5 34. Nxd5 cxd5 35. Bh3
Bf3 36. Kc2 Re7 37. Kd2 Rc7 38. Rg1 Rc4 39. Ke3 Rc2 40. Be6
Rf8 41. Re1 Rxb2 42. Rh7 Rd8 43. Rg1 Rf8 44. Rf7 Rxf7 45. Bxf7
Rxa2 46. Bxd5 Rg2 47. Rb1 Re2+ 48. Kf4 b6 49. Rc1 Bg2 50. Bc4
Rf2+ 51. Ke3 Rf3+ 52. Kd2 Ra3 53. d5 Ra5 54. d6 Rc5 55. Ke3
Bh3 56. Kxe4 Be6 57. Kd4 0-1

[Event "Tradewise Gibraltar"]
[Site "Catalan Bay GIB"]
[Date "2018.01.31"]
[EventDate "2018.01.23"]
[Round "9.5"]
[Result "1/2-1/2"]
[White "Nils Grandelius"]
[Black "Wang Hao"]
[WhiteElo "2647"]
[BlackElo "2711"]
[PlyCount "164"]

1. e4 c5 2. Nf3 d6 3. Bb5+ Nd7 4. O-O Nf6 5. d4 cxd4 6. Qxd4
a6 7. Bxd7+ Bxd7 8. Bg5 e6 9. Rd1 Bc6 10. Nc3 Be7 11. Bh4 O-O
12. e5 dxe5 13. Nxe5 Qxd4 14. Rxd4 Rfc8 15. Rc1 Be8 16. Ng4
Kf8 17. Nxf6 gxf6 18. Ne4 e5 19. Rd2 Rc6 20. Rcd1 Rac8 21. c3
Re6 22. Nd6 Bxd6 23. Rxd6 Ke7 24. Rxe6+ fxe6 25. f3 b5 26. Bf2
Bc6 27. Bc5+ Kf7 28. Bb4 Bd5 29. b3 h5 30. h4 a5 31. Bxa5 Ra8
32. Bb4 Rxa2 33. c4 bxc4 34. bxc4 Bxc4 35. Rd7+ Kg6 36. Bf8
Bd5 37. Rg7+ Kf5 38. Bd6 Rd2 39. Bc7 Rd4 40. Rg8 Rxh4 41. Bd8
Rf4 42. Kh2 h4 43. Rg4 Rd4 44. Be7 Rd2 45. Kh3 e4 46. fxe4+
Bxe4 47. Rxh4 Bxg2+ 48. Kg3 Kg6 49. Rh2 Rd7 50. Bxf6 Kxf6
51. Rh6+ Kg5 52. Rxe6 Rd2 53. Re5+ Kf6 54. Ra5 Bd5 55. Kf4
Rd4+ 56. Ke3 Ke5 57. Ra7 Rh4 58. Re7+ Be6 59. Re8 Rh3+ 60. Ke2
Ra3 61. Kd2 Kd5 62. Rd8+ Kc4 63. Re8 Bd5 64. Rc8+ Kd4 65. Rd8
Rh3 66. Rd7 Rh2+ 67. Kd1 Ke4 68. Kc1 Rg2 69. Rd8 Kd4 70. Kd1
Kc4 71. Ke1 Be4 72. Rd2 Rg3 73. Rd8 Bd5 74. Kf2 Rd3 75. Rd7
Kc3 76. Rd8 Kd2 77. Rd7 Rf3+ 78. Kg2 Rf5+ 79. Kg3 Ke3 80. Rg7
Be4 81. Kg4 Rf1 82. Kg5 Kd4 1/2-1/2

[Event "Tradewise Gibraltar"]
[Site "Catalan Bay GIB"]
[Date "2018.02.01"]
[EventDate "2018.01.23"]
[Round "10.6"]
[Result "1/2-1/2"]
[White "Wang Hao"]
[Black "David Howell"]
[WhiteElo "2711"]
[BlackElo "2682"]
[PlyCount "129"]

1. e4 e5 2. Nf3 Nc6 3. Bb5 Nf6 4. d3 Bc5 5. Bxc6 dxc6 6. O-O
Nd7 7. c3 O-O 8. d4 Bd6 9. Bg5 Be7 10. Be3 exd4 11. cxd4 f5
12. exf5 Rxf5 13. Qb3+ Kh8 14. Nbd2 Bd6 15. Rae1 h6 16. Ne4
Nf8 17. Nxd6 cxd6 18. Bc1 b6 19. Qc2 Bd7 20. Nd2 d5 21. f4 Rf6
22. f5 c5 23. Re5 Bb5 24. Rfe1 cxd4 25. Nf3 d3 26. Qb3 Bc4
27. Qc3 Rc8 28. Qd4 Bxa2 29. Bd2 b5 30. Re7 Qb6 31. Rxa7 Qxd4+
32. Nxd4 Rc4 33. Nf3 Ra4 34. Ree7 Rxf5 35. Rxg7 Ne6 36. Rh7+
Kg8 37. Rae7 Rg4 38. Rxh6 d4 39. h3 Rg7 40. Rexe6 Bxe6
41. Nxd4 Bd5 42. Nxf5 Rxg2+ 43. Kf1 Rxd2 44. Ne7+ Kg7 45. Nf5+
Kf8 46. Rf6+ Ke8 47. Ne3 Bc4 48. Rf2 Rc2 49. Ke1 Rc1+ 50. Kd2
Rh1 51. Rf3 Rh2+ 52. Kc3 d2 53. Rf4 d1=N+ 54. Nxd1 Rxh3+
55. Kb4 Rb3+ 56. Kc5 Kd7 57. Rf2 Rh3 58. Nc3 Rh5+ 59. Kd4 Rh4+
60. Ne4 Kc6 61. Rf6+ Kc7 62. b4 Bg8 63. Ke5 Rh5+ 64. Kd4 Rh4
65. Ke5 1/2-1/2

[Event "GRENKE Chess Open"]
[Site "Karlsruhe GER"]
[Date "2018.03.29"]
[EventDate "2018.03.29"]
[Round "1.3"]
[Result "1/2-1/2"]
[White "Johannes Bathray"]
[Black "Wang Hao"]
[WhiteElo "2148"]
[BlackElo "2713"]
[PlyCount "82"]

1. d4 Nf6 2. c4 e6 3. Nc3 Bb4 4. Qc2 O-O 5. Nf3 d5 6. e3 c5
7. dxc5 Nc6 8. Be2 Bxc5 9. O-O Qe7 10. Rd1 Rd8 11. Bd2 a6
12. Rac1 d4 13. exd4 Bxd4 14. Bg5 h6 15. Bh4 g5 16. Bg3 Ba7
17. Rxd8+ Qxd8 18. Rd1 Qa5 19. a3 g4 20. Nd2 Nd4 21. Nb3 Nxc2
22. Nxa5 Nd4 23. Be5 Nxe2+ 24. Nxe2 Nd7 25. Bf4 Nf8 26. b4 Bb6
27. c5 Bxa5 28. bxa5 Bd7 29. Bxh6 Bc6 30. Be3 f6 31. Nd4 Rd8
32. Rd2 Ba4 33. f3 gxf3 34. Nxf3 Rc8 35. g4 Nd7 36. g5 Bc6
37. Kf2 fxg5 38. Nxg5 Ne5 39. Nxe6 Re8 40. Rd8 Rxd8 41. Nxd8
Bd5 1/2-1/2

[Event "GRENKE Chess Open"]
[Site "Karlsruhe GER"]
[Date "2018.03.31"]
[EventDate "2018.03.29"]
[Round "4.18"]
[Result "1-0"]
[White "Wang Hao"]
[Black "Alexander Hilverda"]
[WhiteElo "2713"]
[BlackElo "2364"]
[PlyCount "95"]

1. e4 e5 2. Nf3 Nc6 3. Bb5 a6 4. Ba4 Nf6 5. O-O Be7 6. Re1 b5
7. Bb3 d6 8. c3 O-O 9. h3 Nb8 10. d4 Nbd7 11. c4 c6 12. Qc2
Bb7 13. Nc3 Qc7 14. a3 Rac8 15. Ba2 Nb6 16. c5 Nbd7 17. dxe5
Nxe5 18. Nxe5 dxe5 19. b4 a5 20. Qe2 Rcd8 21. Be3 Bc8 22. Rf1
Qd7 23. Qb2 Nh5 24. Rfd1 Qc7 25. Ne2 Bf6 26. Rd6 Be7 27. Rxd8
Rxd8 28. bxa5 Nf4 29. Nxf4 exf4 30. Bd4 Bf8 31. Qc3 f3 32. Be5
Qe7 33. Qxf3 Be6 34. Bd6 Qa7 35. Bxe6 fxe6 36. e5 Bxd6
37. cxd6 Qd4 38. Re1 c5 39. Qb3 c4 40. Qxb5 Rf8 41. Qb6 Qd2
42. Rf1 c3 43. a6 c2 44. Qc6 h6 45. a7 Qa5 46. Qxc2 Qxe5
47. Qd2 Qc5 48. d7 1-0